000 00476nam a2200157Ia 4500
008 100122s9999 xx 000 0 und d
082 _b50418
_aBM823.08
100 _aचिपळूणकर गो वि
245 _aगुणसंपदा
250 _a0
260 _bपुणे विद्यार्थी गृह प्रकाशन
_c1992
300 _a96
630 _aगुणसंपदा
730 _aगुणसंपदा
942 _cBOOK
999 _c428146
_d428143